| 000 | 00990cam a22003137a 4500 | ||
|---|---|---|---|
| 003 | CHAP | ||
| 005 | 20220817041414.0 | ||
| 008 | 971013s1976 r 00010 d | ||
| 010 | _a13497 | ||
| 011 | _a14469 | ||
| 035 | _a18543 | ||
| 040 | _cCHAP | ||
| 082 |
_a080 _bS4 v.236 |
||
| 100 | 0 | 0 |
_aGonzález, Luis. _949534 |
| 245 | 1 | 3 | _aLa economía mexicana en la época de Juárez |
| 260 |
_aMéxico, D.F. : _bSecretaría de Educación Pública, _c1976 |
||
| 300 |
_a190 p. _b: ilus |
||
| 490 | 0 |
_aSEP/Setentas _v; 236 |
|
| 590 |
_aBATCH-UPD _b10 _c20130110 _lUCH01 _h1642 |
||
| 590 |
_aBATCH-UPD _b10 _c20130410 _lUCH01 _h1032 |
||
| 590 |
_aBATCH-UPD _b10 _c20130914 _lUCH01 _h1823 |
||
| 590 |
_aCONVERSION _b10 _c20130109 _lUCH01 _h1309 |
||
| 650 | 1 | 4 |
_aMéxico _xCondiciones económicas. |
| 650 | 1 | 4 |
_aMéxico _xHistoria _xReforma. _976765 |
| 830 | 0 |
_aSEP. Setentas _v; 236 |
|
| 901 | _aBK | ||
| 942 | _cLIBRO | ||
| 949 |
_a080 S4 v.236 _bBC _cLIBRO _d33724000309852 _eLIBRO _h44584 _i18543 _mD _si |
||
| 999 |
_c13497 _d13497 |
||